000 01292nam a2200301 i 4500
003 EG-GICUC
005 20260124180727.0
008 260124s1998 ua ||||fr|||| 00| 0 ara d
040 _a EG-GICUC
_bara
_c EG-GICUC
_d EG-GICUC
_erda
041 0 _aara
082 0 4 _221
_a345.661
_bف هـ . و
092 0 4 _221
099 _aLaw1 07 345.661 ف هـ . و 1998
100 0 _aفهد بن بن محمد بن بن عبد العزيز الدغيم
_eمؤلف.
245 1 0 _aوقف تنفيذ القرارات الإدارية أمام ديوان المظالم :
_b(دراسة مقارنة)
_cالدكتور فهد بن بن محمد بن بن عبد العزيز الدغيم.
264 1 _aالقاهرة :
_bدار النهضة العربية،
_c2008.
300 _a105 صفحة؛
_c24 سم.
336 _2rda content
_atext
337 _2rda media
_aComputer
338 _2rda carrier
_aOnline Resource
504 _a101-97ببليوجرافيا: صفحات.
546 _aالنص أغلبه باللغة العربية مع بعض النصوص الفرنسية
650 1 4 _aوقف تنفيذ القرارات الإدارية
650 1 4 _aالقانون الإداري
856 4 0 _uhttps://fll.law.cu.edu.eg/fulltext/bks/B07-02212.pdf
905 _a32
942 _2ddc
_cBK
_e21
_n0
999 _c58983
_d58983